[Event "ARG-ch sf 98th"]
[Site "Buenos Aires"]
[Date "2023.05.01"]
[Round "3"]
[White "Lo Presti, Roberto"]
[Black "Romeo, Luis Pablo"]
[Result "1-0"]
[WhiteElo "1855"]
[BlackElo "1355"]
[PlyCount "112"]
[EventDate "2023.04.29"]
[EventType "swiss"]
[EventRounds "9"]
[EventCountry "ARG"]
[SourceTitle "CBM 214 Extra"]
[Source "ChessBase"]
[SourceDate "2023.07.31"]
[SourceVersion "1"]
[SourceVersionDate "2023.07.31"]
[SourceQuality "1"]

1. e4 Nf6 2. e5 Nd5 3. d4 d6 4. c4 Nb6 5. exd6 exd6 6. Bd3 Nc6 7. Be3 Be7 8. h3 0-0 9. a3 Re8 10. Qc2 g6 11. Nf3 Bf6 12. 0-0 d5 13. c5 Nd7 14. Nc3 Ne7 15. b4 Nf8 16. Ne2 Bf5 17. Ng3 Bxd3 18. Qxd3 Ne6 19. Qd2 Nc6 20. b5 Nb8 21. Rac1 c6 22. a4 a6 23. Rb1 axb5 24. axb5 Nd7 25. b6 Ra6 26. Rfe1 Qa8 27. Re2 Ra4 28. Rd1 Qa6 29. Bf4 Ra8 30. Be5 Ra2 31. Qxa2 Qxa2 32. Rxa2 Rxa2 33. Bxf6 Nxf6 34. Ne5 h5 35. Kf1 h4 36. Ne2 Ne4 37. Ke1 g5 38. Rc1 Kg7 39. f4 gxf4 40. Nf3 Ng3 41. Nfg1 Ng5 42. Nxf4 Kf6 43. Rb1 Kf5 44. Nge2 N5e4 45. Rc1 f6 46. Rd1 Nxe2 47. Nxe2 Rxe2+ 48. Kxe2 Nc3+ 49. Kd2 Nxd1 50. Kxd1 Ke4 51. Ke2 Kxd4 52. g3 hxg3 53. h4 g2 54. Kf2 g1Q+ 55. Kxg1 Ke3 56. h5 d4 1-0

[Event "ARG-ch sf 98th"]
[Site "Buenos Aires"]
[Date "2023.04.30"]
[Round "2"]
[White "Pierrot, Juan Facundo"]
[Black "Lo Presti, Roberto"]
[Result "1-0"]
[WhiteElo "2346"]
[BlackElo "1855"]
[PlyCount "63"]
[EventDate "2023.04.29"]
[EventType "swiss"]
[EventRounds "9"]
[EventCountry "ARG"]
[SourceTitle "CBM 214 Extra"]
[Source "ChessBase"]
[SourceDate "2023.07.31"]
[SourceVersion "1"]
[SourceVersionDate "2023.07.31"]
[SourceQuality "1"]

1. e4 e6 2. d4 d5 3. Nd2 c5 4. exd5 Qxd5 5. dxc5 Bxc5 6. Ngf3 Nf6 7. Bd3 Nc6 8. 0-0 0-0 9. Qe2 Bd7 10. Ne4 Nxe4 11. Bxe4 Qh5 12. Rd1 Rad8 13. Bg5 f6 14. Be3 Bc8 15. Qb5 Qg4 16. Bxc5 Qxe4 17. Bxf8 Rxf8 18. Rd2 e5 19. Qd5+ Qxd5 20. Rxd5 Nb4 21. Rd2 Bf5 22. c3 Nc6 23. Rad1 Bg4 24. h3 Bxf3 25. gxf3 f5 26. Rd7 e4 27. f4 g5 28. fxg5 Ne5 29. Rd8 Nf3+ 30. Kg2 Nxg5 31. Rxf8+ Kxf8 32. Rd5 1-0

[Event "Obera op"]
[Site "Obera"]
[Date "2023.02.04"]
[Round "3"]
[White "Owczarczyn, Cristian Lucas"]
[Black "Lo Presti, Roberto"]
[Result "0-1"]
[WhiteElo "1500"]
[BlackElo "1871"]
[PlyCount "148"]
[EventDate "2023.02.03"]
[EventType "swiss"]
[EventRounds "6"]
[EventCountry "ARG"]
[SourceTitle "CBM 212 Extra"]
[Source "ChessBase"]
[SourceDate "2023.03.31"]
[SourceVersion "1"]
[SourceVersionDate "2023.03.31"]
[SourceQuality "1"]

1. d4 Nf6 2. Bf4 d5 3. Nf3 e6 4. e3 Bd6 5. Ne5 0-0 6. h3 b6 7. Nd2 c5 8. c3 Bb7 9. Ndf3 Nc6 10. Nxc6 Bxc6 11. Bxd6 Qxd6 12. Ne5 Nd7 13. Nxd7 Bxd7 14. Be2 e5 15. dxe5 Qxe5 16. 0-0 Rad8 17. Bf3 Bf5 18. Bg4 Bxg4 19. Qxg4 d4 20. exd4 cxd4 21. Rfe1 Qf6 22. cxd4 Rxd4 23. Qe2 g6 24. Rad1 Rfd8 25. Rxd4 Qxd4 26. g3 a5 27. Qb5 Rd5 28. Qe8+ Kg7 29. Re2 Rf5 30. Kg2 Qd5+ 31. Kg1 Qxa2 32. g4 Rd5 33. Qe4 Qb3 34. h4 Qd1+ 35. Kg2 h6 36. Qe3 Qd4 37. Kg3 Qxe3+ 38. Rxe3 Rb5 39. b3 Rb4 40. g5 b5 41. f4 a4 42. bxa4 bxa4 43. Re7 Rb3+ 44. Kg2 hxg5 45. hxg5 a3 46. Ra7 Kf8 47. Kf2 Ke8 48. Ke2 Rb2+ 49. Kd3 a2 50. Kc3 Rf2 51. Kb3 Rxf4 52. Rxa2 Rf5 53. Rg2 Rd5 54. Kc4 Rd7 55. Rg4 Ke7 56. Re4+ Kf8 57. Rd4 Re7 58. Kd3 Re5 59. Rg4 Ke7 60. Kd4 Ra5 61. Ke4 Ke6 62. Rg1 Ra4+ 63. Kf3 Kf5 64. Ke3 Re4+ 65. Kf3 Rf4+ 66. Ke3 Rg4 67. Rf1+ Ke6 68. Rf6+ Ke7 69. Ra6 Rxg5 70. Ke4 Rf5 71. Ra3 Kf8 72. Ra1 Kg7 73. Rh1 f6 74. Rh2 Re5+ 0-1

[Event "ARG-ch sf 97th"]
[Site "Buenos Aires"]
[Date "2022.09.15"]
[Round "9"]
[White "Lo Presti, Roberto"]
[Black "Dubrovich, Igor"]
[Result "0-1"]
[WhiteElo "1907"]
[BlackElo "1982"]
[PlyCount "114"]
[EventDate "2022.09.08"]
[EventType "swiss"]
[EventRounds "9"]
[EventCountry "ARG"]
[SourceTitle "CBM 210 Extra"]
[Source "ChessBase"]
[SourceDate "2022.11.30"]
[SourceVersion "1"]
[SourceVersionDate "2022.11.30"]
[SourceQuality "1"]

1. e4 c5 2. Nf3 d6 3. d4 cxd4 4. Nxd4 Nf6 5. Nc3 a6 6. f3 e5 7. Nb3 Be6 8. Be3 Be7 9. Qd2 0-0 10. 0-0-0 Nbd7 11. g4 b5 12. g5 b4 13. gxf6 bxc3 14. Qxc3 Nxf6 15. Na5 Qd7 16. Nc6 Rfc8 17. Nxe7+ Qxe7 18. Qa5 Nd7 19. Kb1 f5 20. Bh3 fxe4 21. Bxe6+ Qxe6 22. fxe4 Nc5 23. Bxc5 Rxc5 24. Qb6 Qc4 25. Qb3 Rd8 26. Qxc4+ Rxc4 27. Rhe1 Kf7 28. Rd3 Ke6 29. b3 Rd4 30. Rg3 Rd7 31. Re2 d5 32. exd5+ R4xd5 33. Rge3 a5 34. Kb2 Rf7 35. c4 Rc5 36. Kc3 Rf4 37. a3 Kf5 38. Kd3 a4 39. b4 Rd4+ 40. Kc3 Rdxc4+ 41. Kb2 Rd5 42. Rc3 Rcd4 43. Rc7 Rd2+ 44. Rxd2 Rxd2+ 45. Kc3 Rxh2 46. Rxg7 Rh3+ 47. Kc4 Rxa3 48. Rxh7 e4 49. b5 Ra1 50. b6 Rb1 51. Rh5+ Kg4 52. Rb5 Rxb5 53. Kxb5 a3 54. b7 a2 55. b8Q a1Q 56. Qc8+ Kf4 57. Qc7+ Qe5+ 0-1

[Event "ARG-ch sf 97th"]
[Site "Buenos Aires"]
[Date "2022.09.08"]
[Round "1"]
[White "Fiorito, Joaquin"]
[Black "Lo Presti, Roberto"]
[Result "1-0"]
[WhiteElo "2271"]
[BlackElo "1907"]
[PlyCount "85"]
[EventDate "2022.09.08"]
[EventType "swiss"]
[EventRounds "9"]
[EventCountry "ARG"]
[SourceTitle "CBM 210 Extra"]
[Source "ChessBase"]
[SourceDate "2022.11.30"]
[SourceVersion "1"]
[SourceVersionDate "2022.11.30"]
[SourceQuality "1"]

1. d4 Nf6 2. Nc3 d5 3. Bf4 e6 4. Nb5 Na6 5. e3 c6 6. Nc3 Bb4 7. Bxa6 bxa6 8. Nf3 Ne4 9. 0-0 Nxc3 10. bxc3 Bd6 11. Bxd6 Qxd6 12. Ne5 0-0 13. Nd3 f6 14. Nc5 e5 15. Qe2 a5 16. f3 Rb8 17. Rab1 Rb6 18. Rb3 Qc7 19. Rfb1 Bf5 20. Na4 Rbb8 21. R1b2 Rfe8 22. Qd1 Rxb3 23. Rxb3 Qf7 24. Qd2 Qg6 25. Rb2 Qg5 26. Kf2 Qh4+ 27. Kg1 Qg5 28. Rb3 Qg6 29. Nc5 Bxc2 30. Rb7 Bf5 31. Rxa7 Qg5 32. Rxa5 exd4 33. cxd4 Qxe3+ 34. Qxe3 Rxe3 35. Kf2 Rc3 36. g4 Bd3 37. Ra8+ Kf7 38. Ra7+ Kg6 39. Ne6 Bb1 40. a4 Ra3 41. h4 h5 42. Rxg7+ Kh6 43. g5+ 1-0

[Event "ARG-ch 96th"]
[Site "Buenos Aires"]
[Date "2022.06.05"]
[Round "4"]
[White "Lo Presti, Roberto"]
[Black "Villarreal, Agustin"]
[Result "0-1"]
[WhiteElo "1901"]
[BlackElo "2140"]
[PlyCount "30"]
[EventDate "2022.06.02"]
[EventType "swiss"]
[EventRounds "11"]
[EventCountry "ARG"]
[SourceTitle "CBM 208 Extra"]
[Source "ChessBase"]
[SourceDate "2022.07.31"]
[SourceVersion "1"]
[SourceVersionDate "2022.07.31"]
[SourceQuality "1"]

1. e4 e5 2. Nc3 Nc6 3. Nf3 Nf6 4. d4 exd4 5. Nxd4 Nxe4 6. Nxc6 Nxc3 7. Nxd8 Nxd1 8. Nxf7 Kxf7 9. Kxd1 d5 10. Bf4 Bf5 11. c3 c6 12. Kd2 Bc5 13. Be3 Bxe3+ 14. Kxe3 Rad8 15. Bd3 d4+ 0-1

[Event "ARG-ch sf 95th"]
[Site "Buenos Aires"]
[Date "2020.02.22"]
[Round "1"]
[White "Lo Presti, Roberto"]
[Black "Quiroga, Facundo"]
[Result "0-1"]
[WhiteElo "1942"]
[BlackElo "2285"]
[PlyCount "94"]
[EventDate "2020.02.22"]
[EventType "swiss"]
[EventRounds "9"]
[EventCountry "ARG"]
[SourceTitle "CBM 195 Extra"]
[Source "ChessBase"]
[SourceDate "2020.05.31"]
[SourceVersion "1"]
[SourceVersionDate "2020.05.31"]
[SourceQuality "1"]

1. e4 c5 2. Nf3 d6 3. d4 cxd4 4. Nxd4 Nf6 5. Nc3 a6 6. f3 e5 7. Nb3 Be6 8. Be3 Be7 9. Qd2 h5 10. 0-0-0 Nbd7 11. Bg5 Rc8 12. Kb1 b5 13. h4 Nb6 14. Na5 b4 15. Bxf6 gxf6 16. Nd5 Nxd5 17. exd5 Qxa5 18. dxe6 fxe6 19. Qd3 Kf7 20. Qxa6 Qxa6 21. Bxa6 Rcg8 22. Rh2 d5 23. Be2 Bd6 24. g4 e4 25. Rg2 exf3 26. Bxf3 hxg4 27. Bxg4 f5 28. Bf3 Rxg2 29. Bxg2 Rxh4 30. Rh1 Rg4 31. Bf3 Rg3 32. Rf1 Kf6 33. c3 bxc3 34. bxc3 Be5 35. Kc2 Rg8 36. Kd3 Ra8 37. Rf2 Ra3 38. Rc2 d4 39. Bc6 dxc3 40. Bb5 Ra8 41. Bc4 Rd8+ 42. Ke2 Bd4 43. a4 e5 44. a5 e4 45. a6 f4 46. a7 f3+ 47. Ke1 Ra8 0-1

[Event "Buenos Aires La Porta Cup"]
[Site "Buenos Aires"]
[Date "2019.03.22"]
[Round "3"]
[White "Garcia, Raimundo"]
[Black "Lo Presti, Roberto"]
[Result "1/2-1/2"]
[WhiteElo "2238"]
[BlackElo "1966"]
[PlyCount "121"]
[EventDate "2019.03.20"]
[EventType "swiss"]
[EventRounds "9"]
[EventCountry "ARG"]
[SourceTitle "CBM 189 Extra"]
[Source "ChessBase"]
[SourceDate "2019.06.03"]
[SourceVersion "1"]
[SourceVersionDate "2019.06.03"]
[SourceQuality "1"]

1. Nf3 Nf6 2. g3 d5 3. Bg2 e6 4. 0-0 c5 5. c4 d4 6. d3 Nc6 7. e4 dxe3 8. Bxe3 e5 9. Nc3 Bf5 10. Re1 Be7 11. Nd5 0-0 12. Nxf6+ Bxf6 13. Bxc5 Re8 14. Re3 Qa5 15. Ba3 Rad8 16. Qb3 Qc7 17. Rae1 b6 18. Bf1 Nd4 19. Nxd4 Rxd4 20. Qa4 Red8 21. b4 h6 22. Bb2 R4d7 23. Bxe5 Bxe5 24. Rxe5 Bxd3 25. Re8+ Kh7 26. Bxd3+ Rxd3 27. Qc2 g6 28. R8e7 R3d7 29. Qe4 Rxe7 30. Qxe7 Rd7 31. Qe4 Kg7 32. h4 h5 33. a3 Qd6 34. Qe5+ Qxe5 35. Rxe5 Kf6 36. Re3 Rc7 37. Re4 Kf5 38. Rf4+ Ke5 39. Kf1 f6 40. f3 g5 41. Re4+ Kf5 42. Ke2 Rd7 43. a4 a5 44. bxa5 bxa5 45. Ke3 Rb7 46. c5 Rb3+ 47. Kd4 Rxf3 48. c6 Rf1 49. Re8 Rc1 50. Kd5 Kg4 51. Re4+ Kf3 52. Rc4 Rd1+ 53. Ke6 Rd8 54. c7 Rc8 55. Kd7 Rxc7+ 56. Rxc7 gxh4 57. Ke6 hxg3 58. Kf5 g2 59. Rc3+ Kf2 60. Rc2+ Kf3 61. Rc1 1/2-1/2

[Event "Buenos Aires Szmetan Giardelli op"]
[Site "Buenos Aires"]
[Date "2018.12.06"]
[Round "3"]
[White "Salvatti, Diego"]
[Black "Lo Presti, Roberto"]
[Result "1-0"]
[WhiteElo "2063"]
[BlackElo "1987"]
[PlyCount "77"]
[EventDate "2018.12.04"]
[EventType "swiss"]
[EventRounds "9"]
[EventCountry "ARG"]
[SourceTitle "CBM 187 Extra"]
[Source "ChessBase"]
[SourceDate "2018.11.04"]
[SourceVersion "1"]
[SourceVersionDate "2018.11.04"]
[SourceQuality "1"]

1. d4 f5 2. Nf3 Nf6 3. Bf4 e6 4. e3 d5 5. Nbd2 Be7 6. h3 Nbd7 7. Bd3 Ne4 8. Qe2 a6 9. c3 Ndf6 10. Ne5 Nxd2 11. Qxd2 c5 12. Qe2 cxd4 13. exd4 0-0 14. 0-0 Ne4 15. f3 Nd6 16. g4 g5 17. Bd2 f4 18. Rae1 Bf6 19. h4 Nf7 20. Nxf7 Rxf7 21. Qh2 Bd7 22. hxg5 Bxg5 23. Re5 b5 24. Kg2 Rb8 25. Rh1 h6 26. Qh5 Qf6 27. Rhe1 Kg7 28. Rh1 Re7 29. Rhe1 Be8 30. Qh1 Bf7 31. R1e2 Rh8 32. Qe1 Ree8 33. Qc1 h5 34. Rxg5+ Qxg5 35. Bxf4 Qe7 36. Be5+ Kg8 37. Bxh8 hxg4 38. Qh6 gxf3+ 39. Kxf3 1-0

[Event "ARG-ch sf 93rd"]
[Site "Buenos Aires"]
[Date "2018.05.25"]
[Round "7"]
[White "Crespo, Eugenio"]
[Black "Lo Presti, Roberto"]
[Result "1-0"]
[WhiteElo "2174"]
[BlackElo "2037"]
[PlyCount "99"]
[EventDate "2018.05.19"]
[EventType "swiss"]
[EventRounds "9"]
[EventCountry "ARG"]
[SourceTitle "CBM 184 Extra"]
[Source "ChessBase"]
[SourceDate "2018.06.28"]
[SourceVersion "1"]
[SourceVersionDate "2018.06.28"]
[SourceQuality "1"]

1. Nf3 Nf6 2. g3 e6 3. Bg2 d5 4. d4 Be7 5. 0-0 0-0 6. b3 b6 7. Bb2 Bb7 8. Nbd2 Nbd7 9. c4 Rc8 10. Rc1 c5 11. e3 Rc7 12. cxd5 Bxd5 13. Qe2 Qa8 14. dxc5 Rxc5 15. Rxc5 Bxc5 16. Rd1 Rc8 17. e4 Bc6 18. Ne1 Be7 19. e5 Ne8 20. Ne4 Nc5 21. Nd6 Bxd6 22. exd6 Rd8 23. h4 Bxg2 24. Nxg2 Rxd6 25. Rxd6 Nxd6 26. Bxg7 Kxg7 27. Qe5+ Kg8 28. Qxd6 Ne4 29. Qf4 Qd5 30. Ne3 Qd3 31. Ng4 Nd2 32. Nh6+ Kg7 33. Qxf7+ Kxh6 34. Qf6+ Qg6 35. Qf4+ Kg7 36. Qxd2 Qb1+ 37. Kh2 Qf1 38. a4 Kf6 39. b4 e5 40. Qh6+ Kf5 41. Qxh7+ Ke6 42. Qg6+ Kd5 43. Qf7+ Kd4 44. a5 e4 45. axb6 e3 46. Qf4+ Kd5 47. Qxe3 axb6 48. Qxb6 Ke4 49. b5 Kf3 50. Qe3+ 1-0

[Event "Monte Grande FASGBA-ch"]
[Site "Monte Grande"]
[Date "2018.03.11"]
[Round "6.10"]
[White "Lo Presti, Roberto"]
[Black "Caballero, Cristian"]
[Result "1-0"]
[WhiteElo "2138"]
[BlackElo "1804"]
[PlyCount "99"]
[EventDate "2018.03.03"]
[EventType "swiss"]
[EventRounds "6"]
[EventCountry "ARG"]
[SourceTitle "EXT 2024"]
[Source "ChessBase"]
[SourceDate "2023.10.10"]
[SourceVersion "1"]
[SourceVersionDate "2023.10.10"]
[SourceQuality "1"]

1. e4 e5 2. Nf3 Nc6 3. d4 exd4 4. Nxd4 Qh4 5. Nb5 Bc5 6. Qe2 Nd4 7. Nxd4 Bxd4 8. c3 Bc5 9. g3 Qe7 10. Bg2 d6 11. b4 Bb6 12. Nd2 c6 13. Nc4 Bc7 14. a4 f5 15. exf5 Qxe2+ 16. Kxe2 Bxf5 17. Bf4 0-0-0 18. Rhd1 d5 19. Bxc7 Kxc7 20. Ne3 Be6 21. Rd4 Nf6 22. f4 Rhg8 23. Kf2 Ne4+ 24. Bxe4 dxe4 25. f5 Rxd4 26. cxd4 Bxf5 27. Nxf5 Rf8 28. g4 g6 29. Re1 gxf5 30. Re2 Kb6 31. g5 Rg8 32. h4 h6 33. gxh6 Rg4 34. h7 Rxh4 35. Kg3 Rh5 36. Kf4 a6 37. Rf2 a5 38. bxa5+ Ka6 39. Ke5 Ka7 40. Kd6 f4 41. Ke6 Rh4 42. Rxf4 Rxf4 43. h8Q Rf1 44. Qd8 Rb1 45. Kf5 Rb4 46. Ke5 Rxa4 47. Qb6+ Kb8 48. Kd6 Ra1 49. Kd7 Rc1 50. a6 1-0

[Event "ARG-ch Amateur U2000"]
[Site "Termas de Rio Hondo"]
[Date "2017.11.17"]
[Round "1.10"]
[White "Lo Presti, Roberto"]
[Black "Matcovich, Pablo"]
[Result "1-0"]
[WhiteElo "1961"]
[BlackElo "1792"]
[PlyCount "127"]
[EventDate "2017.11.17"]
[EventType "swiss"]
[EventRounds "9"]
[EventCountry "ARG"]
[SourceTitle "EXT 2024"]
[Source "ChessBase"]
[SourceDate "2023.10.10"]
[SourceVersion "1"]
[SourceVersionDate "2023.10.10"]
[SourceQuality "1"]

1. e4 Nc6 2. Nf3 d5 3. exd5 Qxd5 4. Nc3 Qa5 5. d4 Bg4 6. Bb5 e6 7. h3 Bh5 8. g4 Bg6 9. Ne5 Bb4 10. Bd2 Bxc3 11. Bxc6+ bxc6 12. bxc3 Qd5 13. f3 Ne7 14. Be3 h5 15. Kf2 hxg4 16. hxg4 Rxh1 17. Qxh1 0-0-0 18. Qe1 Qa5 19. c4 Qxe1+ 20. Rxe1 Bxc2 21. Nxf7 Rf8 22. Ne5 Ng6 23. Kg3 Nxe5 24. dxe5 a5 25. Rc1 Bd3 26. Rc3 Be2 27. f4 Rd8 28. f5 Rd3 29. Rxd3 Bxd3 30. f6 gxf6 31. exf6 Bg6 32. Kf4 Kd7 33. c5 Ke8 34. Kg5 Kf7 35. Bf4 Bb1 36. Bxc7 Bxa2 37. Bxa5 e5 38. Bc3 e4 39. Bd4 Bd5 40. Kf4 Kg6 41. g5 Be6 42. Ke5 Bd5 43. Be3 Kf7 44. Kd6 Kg6 45. Ke5 Kh7 46. Kf5 Bf7 47. Kxe4 Bg6+ 48. Ke5 Bf7 49. Kf5 Bg6+ 50. Ke6 Kg8 51. Kd6 Be4 52. g6 Bxg6 53. Kxc6 Kf7 54. Bd4 Ke6 55. Kb6 Kd7 56. c6+ Kc8 57. Be5 Be8 58. Bd6 Bf7 59. Kc5 Be8 60. Bf4 Kd8 61. Kd6 Bf7 62. Bg5 Kc8 63. Ke7 Bd5 64. Bf4 1-0

[Event "ARG-ch sf 92nd"]
[Site "Buenos Aires"]
[Date "2017.07.15"]
[Round "6"]
[White "Lo Presti, Roberto"]
[Black "De Luca, Christian"]
[Result "0-1"]
[WhiteElo "1955"]
[BlackElo "2085"]
[PlyCount "64"]
[EventDate "2017.07.10"]
[EventType "swiss"]
[EventRounds "9"]
[EventCountry "ARG"]
[SourceTitle "EXT 2018"]
[Source "ChessBase"]
[SourceDate "2017.10.13"]
[SourceVersion "1"]
[SourceVersionDate "2017.10.13"]
[SourceQuality "1"]

1. e4 e6 2. d4 d5 3. Nc3 dxe4 4. Nxe4 Bd7 5. Nf3 Bc6 6. Bd3 Nd7 7. 0-0 Ngf6 8. Ng3 Be7 9. Re1 Bxf3 10. Qxf3 c6 11. c3 0-0 12. Bf4 Re8 13. Rad1 Qb6 14. Bc1 c5 15. dxc5 Nxc5 16. Bc2 a5 17. Nh5 Nxh5 18. Bxh7+ Kf8 19. Qxh5 Bf6 20. Be3 e5 21. f4 Qc6 22. fxe5 Rxe5 23. Qh3 Rae8 24. Bc2 Ne6 25. Qg3 a4 26. Qf2 Qc4 27. a3 Bh4 28. g3 Bg5 29. Bxg5 Nxg5 30. Bf5 Rxe1+ 31. Rxe1 Rxe1+ 32. Qxe1 Nf3+ 0-1

[Event "ARG-ch sf 92nd"]
[Site "Buenos Aires"]
[Date "2017.07.11"]
[Round "2"]
[White "Lo Presti, Roberto"]
[Black "Palomares, Joaquin"]
[Result "1-0"]
[WhiteElo "1955"]
[BlackElo "1560"]
[PlyCount "83"]
[EventDate "2017.07.10"]
[EventType "swiss"]
[EventRounds "9"]
[EventCountry "ARG"]
[SourceTitle "EXT 2018"]
[Source "ChessBase"]
[SourceDate "2017.10.13"]
[SourceVersion "1"]
[SourceVersionDate "2017.10.13"]
[SourceQuality "1"]

1. e4 c6 2. d4 d5 3. exd5 cxd5 4. c4 Nf6 5. Nc3 Nc6 6. Nf3 Bf5 7. cxd5 Nxd5 8. a3 e6 9. Qb3 Nb6 10. Be3 Be7 11. Bb5 Rc8 12. 0-0 0-0 13. Rfd1 Qc7 14. d5 Na5 15. Qa2 Nac4 16. Bxb6 Nxb6 17. Nd4 Bg4 18. f3 e5 19. Nde2 Bf5 20. Ng3 Bg6 21. Bd3 Rfd8 22. Bxg6 hxg6 23. Nge4 Nc4 24. b3 Ne3 25. Rd3 Bc5 26. Nxc5 Qxc5 27. Na4 Qc1+ 28. Rxc1 Rxc1+ 29. Kf2 Rc2+ 30. Qxc2 Nxc2 31. b4 Nd4 32. Nc3 Kf8 33. f4 Nc6 34. Rd1 Ne7 35. fxe5 Ke8 36. g4 g5 37. Ke3 Ng6 38. Ke4 Ke7 39. Nb5 a6 40. Nd4 Nf4 41. d6+ Ke8 42. Rc1 1-0

[Event "ARG-ch sf 92nd"]
[Site "Buenos Aires"]
[Date "2017.07.10"]
[Round "1"]
[White "Della Morte, German"]
[Black "Lo Presti, Roberto"]
[Result "1-0"]
[WhiteElo "2326"]
[BlackElo "1955"]
[PlyCount "41"]
[EventDate "2017.07.10"]
[EventType "swiss"]
[EventRounds "9"]
[EventCountry "ARG"]
[SourceTitle "EXT 2018"]
[Source "ChessBase"]
[SourceDate "2017.10.13"]
[SourceVersion "1"]
[SourceVersionDate "2017.10.13"]
[SourceQuality "1"]

1. e4 e6 2. d4 d5 3. Nd2 c5 4. Ngf3 Nf6 5. e5 Nfd7 6. c3 Nc6 7. Bd3 f6 8. exf6 Nxf6 9. 0-0 cxd4 10. cxd4 Bd6 11. b3 0-0 12. Bb2 Qc7 13. Rc1 Qb8 14. Re1 Bd7 15. Ne5 Qe8 16. Qe2 Nb4 17. Bb1 Bb5 18. Qe3 Qh5 19. h3 Rac8 20. Rxc8 Rxc8 21. Nec4 1-0

[Event "Buenos Aires Faogba Verano"]
[Site "Buenos Aires"]
[Date "2016.12.19"]
[Round "5.2"]
[White "Dellepiani, Fernando"]
[Black "Lo Presti, Roberto"]
[Result "1/2-1/2"]
[WhiteElo "2118"]
[BlackElo "1999"]
[PlyCount "111"]
[EventDate "2016.12.15"]
[EventType "swiss"]
[EventRounds "6"]
[EventCountry "ARG"]
[SourceTitle "EXT 2024"]
[Source "ChessBase"]
[SourceDate "2023.10.10"]
[SourceVersion "1"]
[SourceVersionDate "2023.10.10"]
[SourceQuality "1"]

1. d4 Nf6 2. Nf3 e6 3. g3 d5 4. Bg2 Be7 5. 0-0 0-0 6. c4 dxc4 7. Ne5 c5 8. dxc5 Bxc5 9. Qc2 Qc7 10. Bf4 Bd6 11. Qxc4 Qxc4 12. Nxc4 Bxf4 13. gxf4 Nc6 14. Nc3 Rb8 15. Rfd1 Bd7 16. Ne5 Rfd8 17. Nxd7 Rxd7 18. Rxd7 Nxd7 19. Bxc6 bxc6 20. b3 Nb6 21. Rc1 Nd5 22. Nxd5 cxd5 23. Rc7 Ra8 24. Kf1 a5 25. Ke1 g6 26. Kd2 Kg7 27. Kd3 Kf6 28. e3 h6 29. Kd4 g5 30. f5 Rd8 31. fxe6 fxe6 32. Ra7 e5+ 33. Kd3 d4 34. e4 Rc8 35. Ra6+ Kg7 36. Rxa5 Rc3+ 37. Kd2 Rh3 38. Rxe5 Rxh2 39. Rf5 g4 40. Kd3 Kg6 41. Kxd4 h5 42. Ke3 h4 43. Kf4 Rxf2+ 44. Kxg4 Rxa2 45. Kxh4 Re2 46. Rf3 Rxe4+ 47. Kg3 Kg5 48. Kf2 Rf4 49. Rxf4 Kxf4 50. Ke2 Ke4 51. Kd2 Kd4 52. Kc2 Kc5 53. Kc3 Kb5 54. b4 Kb6 55. Kc4 Kc6 56. b5+ 1/2-1/2